| 000 | 00664nam a22002297a 4500 | ||
|---|---|---|---|
| 005 | 20170124110227.0 | ||
| 010 | _a649658 | ||
| 020 |
_c00.00 _a810980258 |
||
| 035 | _a649658 | ||
| 037 | _bCen Lib/Ret | ||
| 040 |
_aDPL _bEN |
||
| 082 |
_a709.03 _bSCH |
||
| 100 |
_aSchug, Albert _940882 |
||
| 245 |
_aArt of the twentieth century / _cby Albert Schug |
||
| 260 |
_bHarry N. Abrams _aNew York |
||
| 270 | _bNew York | ||
| 300 |
_a264p. : _c24cm(Hb) _bcol.ill. |
||
| 500 | _aIncludes bibliographical references and index | ||
| 650 |
_aArt, Modern -- 20th century _924615 |
||
| 650 |
_aArt, Modern _925257 |
||
| 942 |
_2ddc _cEN _h709.03 _mSCH |
||
| 999 |
_c134495 _d134495 |
||